|
|
|
|
| LEADER |
00000naa2a2200000 4500 |
| 001 |
183428 |
| 005 |
20251205160020.0 |
| 035 |
|
|
|a (RuTPU)RU\TPU\book\198840
|
| 090 |
|
|
|a 183428
|
| 100 |
|
|
|a 20100720d2004 k y0rusy50 ca
|
| 101 |
0 |
|
|a rus
|
| 102 |
|
|
|a RU
|
| 200 |
1 |
|
|a Построение поверхности жидкости при изучении равновесия жидкость - пар в тройной системе UF6 - IF5 - BRF3
|f И. И. Жерин, В. Ф. Усов, Р. В. Оствальд
|
| 320 |
|
|
|a Библиогр.: 5 назв.
|
| 461 |
|
1 |
|0 (RuTPU)RU\TPU\book\66154
|t Современные техника и технологии
|o X Юбилейная международная научно-практическая конференция студентов, аспирантов и молодых ученых, посвященная 400-летию г. Томска, Томск, 29 марта - 2 апреля 2004 г.
|o труды
|f Томский политехнический университет
|d 2004
|
| 463 |
|
0 |
|0 (RuTPU)RU\TPU\book\65883
|t Т. 2
|v C. 276-277
|d 2004
|
| 610 |
1 |
|
|a жидкости
|
| 610 |
1 |
|
|a поверхности
|
| 610 |
1 |
|
|a равновесие
|
| 610 |
1 |
|
|a пар
|
| 610 |
1 |
|
|a тройные системы
|
| 610 |
1 |
|
|a диаграммы
|
| 610 |
1 |
|
|a труды учёных ТПУ
|
| 700 |
|
1 |
|a Жерин
|b И. И.
|c российский химик
|c профессор Томского политехнического университета, доктор химических наук
|f 1955-
|g Иван Игнатьевич
|3 (RuTPU)RU\TPU\pers\25854
|9 11723
|
| 701 |
|
1 |
|a Усов
|b В. Ф.
|c российский учёный в области химической технологии редких, рассеяных и радиоактивных элементов
|c доцент Томского политехнического университета
|g Владимир Фёдорович
|3 (RuTPU)RU\TPU\pers\26569
|
| 701 |
|
1 |
|a Оствальд
|b Р. В.
|c химик-технолог
|c доцент Томского политехнического университета, кандидат химических наук
|f 1980-
|g Роман Вячеславович
|3 (RuTPU)RU\TPU\pers\25864
|9 11732
|
| 801 |
|
1 |
|a RU
|b 63413507
|c 20100720
|
| 801 |
|
2 |
|a RU
|b 63413507
|c 20160802
|g RCR
|
| 942 |
|
|
|c BK
|